000 00480 a2200169 4500
001 190842
020 _a978-85-08-13215-7
040 _cMagnum
100 _aIacocca, Michele
240 1 0 _aO meu, o seu, o nosso: refletindo sobre atitutes e espaços de convivência
_lpor
245 1 0 _aO meu, o seu, o nosso: refletindo sobre atitutes e espaços de convivência
300 _a48
362 0 _a2012
440 1 _aÁtica
697 _aLITERATURA INFANTO-JUVENIL
942 _cBK
999 _c190842
_d190842